Comparacion de dos modelos para el analisis sismico de un tipo de puente metalico.

Gardado en:
Detalles Bibliográficos
Autor Principal: Uzaga Carrasquilla, Fernando
Formato: Libro
Publicado: [San José , Costa Rica] 1995
Materias:
Etiquetas: Engadir etiqueta
Sen Etiquetas, Sexa o primeiro en etiquetar este rexistro!

MARC

LEADER 00000nam a2200000Ia 4500
003 007648
005 20221231144254.0
008 140114s1995 cr a m 000 ||s d
040 |c cru CEDI 
090 |a TFG 3265 
100 |a Uzaga Carrasquilla, Fernando  |9 10739 
245 |a Comparacion de dos modelos para el analisis sismico de un tipo de puente metalico. 
260 |c 1995  |a [San José , Costa Rica] 
300 |a  v, [98] hojas : ilustraciones (algunas a color).  
500 |a  Proyecto de graduacion (licenciatura en ingenieria civil)--Universidad de Costa Rica. Facultad de Ingeniería. Escuela de Ingenieria Civil 
650 |x PUENTES METALICOS   |x DINAMICA DE ESTRUCTURAS  |9 10740 
942 |c TFG 
999 |c 19396  |d 19396